| 000 | 00728cam a22002534a 4500 | ||
|---|---|---|---|
| 001 | sa 67005319 | ||
| 003 | DLC | ||
| 005 | 20260227112356.0 | ||
| 008 | 881102s1966 ii 000 0 awao | ||
| 010 | _asa 67005319 | ||
| 035 | _a(OCoLC)23551644 | ||
| 040 |
_aDLC _cDLC |
||
| 041 | 1 |
_aawa _hsan |
|
| 050 | 0 | 0 |
_aBL1138.62 _b.A83 1966 |
| 130 | 0 |
_aBhagavadgītā. _lAwadhi. |
|
| 245 | 1 | 0 |
_aJana Gītā / _cpratidhvanikāra, Baccana. |
| 246 | 1 |
_iTitle on t.p. verso: _aJan Geeta |
|
| 250 | _a3. saṃskaraṇa. | ||
| 260 |
_aDillī : _bRājapāla eṇḍa Sanza, _c1966. |
||
| 300 |
_a108 p. ; _c25 cm. |
||
| 546 | _aIn Awadhi. | ||
| 500 | _aPreviously published: 2. saṃskaraṇa. 1960. | ||
| 700 | 1 |
_aBaccana, _d1907-2003. |
|
| 999 |
_c75114 _d75114 |
||